| 000 | 00878nam a2200277 i 4500 | ||
|---|---|---|---|
| 001 | 18036 | ||
| 003 | ES-MaACL | ||
| 005 | 20260303141304.0 | ||
| 007 | t| | ||
| 008 | 010730s2000 sp ||||0| spa j | ||
| 020 | _a84-7822-305-3 | ||
| 040 |
_aM-BN _bspa _cM-BN |
||
| 080 | _a929 Mayans y Siscar, Gregorio | ||
| 080 | _a81 Mayans y Siscar, Gregorio | ||
| 100 | 1 |
_aSiles, Jaime, _d1951- _9106338 |
|
| 245 | 1 | 0 |
_aMayans o El fracaso de la inteligencia / _cJaime Siles. |
| 260 |
_a[Valencia] : _bInstitució Alfons el Magnáanim, _c2000. |
||
| 300 |
_a131 p. ; _c17 cm. |
||
| 490 | 1 |
_aDebats ; _v12 |
|
| 600 | 1 | 4 |
_aMayáns y Siscar, Gregorio. _979333 |
| 710 | 2 |
_aInstitució Alfons el Magnànim _9173001 |
|
| 740 | 3 | _aEl fracaso de la inteligencia. | |
| 830 | 0 |
_aDebats ; _v12 _9179595 |
|
| 852 |
_aES-MaACL _jL-24745 _bR.130010 |
||
| 999 |
_c18036 _d18036 |
||